00275nam a22001217a 4500003000400000005001700004008004100021020001500062040000700077082001700084100001000101245004200111OSt20220223112736.0220223b |||||||| |||| 00| 0 eng d a0750622067 cHU 25THa692.809 aGreen aThe Architects Guide To Running A Job